[Event "La Paz op"]
[Site "La Paz"]
[Date "2022.09.16"]
[Round "3"]
[White "Quispe Choquehuanca, Angeles Aydee"]
[Black "Zubieta Fernandez, Rafael"]
[Result "0-1"]
[WhiteElo "1075"]
[BlackElo "1181"]
[PlyCount "206"]
[EventDate "2022.09.15"]
[EventType "swiss"]
[EventRounds "7"]
[EventCountry "BOL"]
[SourceTitle "EXT 2023"]
[Source "ChessBase"]
[SourceDate "2022.10.05"]
[SourceVersion "1"]
[SourceVersionDate "2022.10.05"]
[SourceQuality "1"]

1. d4 d5 2. Nf3 Nf6 3. g3 e6 4. Bg2 Nbd7 5. 0-0 Be7 6. b3 b6 7. Bb2 Bb7 8. Nbd2 0-0 9. e3 c5 10. Ne5 Nxe5 11. dxe5 Nd7 12. c4 Rb8 13. Rc1 Qc7 14. f4 a5 15. Ba3 Qd8 16. cxd5 Bxd5 17. Nf3 Re8 18. Qe2 Qc8 19. Rfd1 Qb7 20. Rd2 f6 21. exf6 Bxf6 22. Rcd1 Bc6 23. Bb2 Bxb2 24. Rxb2 h6 25. Rbd2 Rbd8 26. Nh4 Bxg2 27. Qxg2 Qc7 28. Rd6 Nf8 29. Rxd8 Rxd8 30. Rxd8 Qxd8 31. Qe2 Qe8 32. Qc2 g6 33. Nf3 Nd7 34. Qc3 Qb8 35. Qd3 Nf8 36. Ne5 Kg7 37. Qc3 Kh7 38. Qd3 Qc7 39. h4 h5 40. Nf3 Kh6 41. Qc3 Qg7 42. Qxg7+ Kxg7 43. Ne5 Kf6 44. e4 b5 45. Kf2 a4 46. Ke3 axb3 47. axb3 Ke7 48. Kd3 Kd6 49. Kc3 Kc7 50. b4 cxb4+ 51. Kxb4 Kb6 52. Nf7 Nd7 53. Nh8 Nc5 54. e5 Ne4 55. Nxg6 Nxg3 56. Nf8 Nf5 57. Nxe6 Nxh4 58. Nd4 Ng6 59. e6 Nxf4 60. e7 Nd5+ 61. Kb3 Nxe7 62. Nf3 Kc5 63. Nh4 Nc6 64. Ng6 Nd4+ 65. Kc3 Nf3 66. Nf4 h4 67. Nh3 b4+ 68. Kb3 Nd4+ 69. Kb2 Kc4 70. Nf2 Nf3 71. Nd1 h3 72. Ne3+ Kb5 73. Ng4 Nd2 74. Kc2 Nf1 75. Kb3 h2 76. Nf2 Ng3 77. Kc2 Ka4 78. Kb1 h1Q+ 79. Nxh1 Nxh1 80. Ka2 Nf2 81. Kb2 Nd1+ 82. Kc1 Ka3 83. Kxd1 Ka2 84. Kc2 b3+ 85. Kc1 b2+ 86. Kc2 b1Q+ 87. Kc3 Qb3+ 88. Kd4 Qc2 89. Kd5 Qc3 90. Kd6 Qc4 91. Ke5 Qd3 92. Ke6 Qd4 93. Ke7 Qb6 94. Kd7 Kb3 95. Ke7 Kc4 96. Kf7 Qd6 97. Kg7 Kd5 98. Kf7 Ke5 99. Kg7 Kf5 100. Kh7 Kg5 101. Kg7 Qd7+ 102. Kf8 Kf6 103. Kg8 Qg7# 0-1

[Event "La Paz op"]
[Site "La Paz"]
[Date "2022.09.15"]
[Round "2"]
[White "Zubieta Fernandez, Rafael"]
[Black "Maldonado Caceres, Ronaldo"]
[Result "0-1"]
[WhiteElo "1181"]
[BlackElo "1418"]
[PlyCount "85"]
[EventDate "2022.09.15"]
[EventType "swiss"]
[EventRounds "7"]
[EventCountry "BOL"]
[SourceTitle "EXT 2023"]
[Source "ChessBase"]
[SourceDate "2022.10.05"]
[SourceVersion "1"]
[SourceVersionDate "2022.10.05"]
[SourceQuality "1"]

1. d4 Nf6 2. Nf3 g6 3. g3 Bg7 4. Bg2 0-0 5. 0-0 d6 6. Bg5 Nbd7 7. c4 e5 8. e3 h6 9. dxe5 hxg5 10. exf6 Qxf6 11. Nc3 g4 12. Nd2 Nc5 13. Qc2 Bd7 14. Rab1 Rae8 15. Nd5 Qd8 16. b4 Ne6 17. f4 gxf3 18. Nxf3 Ng5 19. Rbe1 Ne4 20. Nd2 Nxd2 21. Qxd2 c6 22. Nc3 Be6 23. Qd3 Qb6 24. Ne4 Qxb4 25. Qxd6 Qxc4 26. Rf4 Rd8 27. Qa3 Qxa2 28. Qe7 Qc2 29. Nf6+ Bxf6 30. Qxf6 Rd1 31. Ref1 Rxf1+ 32. Bxf1 Qd2 33. Rh4 Qxe3+ 34. Kg2 Qd2+ 35. Kh1 Bd5+ 36. Kg1 Qe3+ 37. Qf2 Qxf2+ 38. Kxf2 Re8 39. Ra4 a6 40. Ra5 Re7 41. h4 Kf8 42. Ra1 Ke8 43. Ra3 0-1